|
|
|
|
| LEADER |
00000nab a2200000uu 4500 |
| 001 |
vtls010895582 |
| 003 |
SK-MaSNL |
| 005 |
20260303190414.0 |
| 008 |
230222|1975 xo |||||||||||||||||cze| |
| 015 |
|
|
|a SNBRB
|
| 035 |
|
|
|a (urnnbn)urn:nbn:sk:snk:ar-006imf
|
| 035 |
|
|
|a (uuid)ef8aca39-bdb9-47d0-ac0d-11f5c6285b3b
|
| 035 |
|
|
|a urn:nbn:sk:snk-ab8ofv
|
| 040 |
|
|
|a SNKBUCL
|b slo
|c SNKBUCL
|e AACR2
|
| 041 |
0 |
|
|a cze
|
| 044 |
|
|
|a xo
|c SK
|
| 100 |
1 |
|
|a Studnička, Jiří
|4 aut
|9 280716
|
| 245 |
1 |
0 |
|a ŘEŠENÍ STABILITY TENKOSTĚNNÝCH KONSTRUKCÍ PODLE TEORIE LOMENIC
|c Jiří Studnička, Vladimír Křístek
|
| 700 |
1 |
|
|a Křístek, Vladimír,
|d 1938-2020
|4 aut
|9 232162
|
| 773 |
0 |
|
|t Stavebnícky časopis : mesačník pre teoretické problémy stavebných látok a konštrukcií
|g Roč. 23, č. 6 (1975), s. 395-413
|
| 958 |
|
|
|a OND
|
| 958 |
|
|
|a EUIPO
|
| 958 |
|
|
|a article10
|
| 999 |
|
|
|c 2136102
|d 2138032
|